Curriculum development a guide for educators

Saved in:
Bibliographic Details
Main Author: BOYLE, Bill Charles, Marie
Format: Book
Language:English
Published: SAGE 2016
Tags: Add Tag
No Tags, Be the first to tag this record!

MARC

LEADER 00000nam a22000007a 4500
008 201208b ||||| |||| 00| 0 eng d
020 |a 978-1-44627-330-2 
100 |a BOYLE, Bill  |a Charles, Marie 
245 |a Curriculum development  |b  a guide for educators  |c Bill Boyle and Marie Charles  |g vii, 222p.; ill. 
260 |b  SAGE  |c 2016  |h Los Angeles  |i 692166  |i 692167  |l LB2806.15 .B71  |m Curriculum planning 
500 |a “It includes bibliographical references and index”. 
942 |a lcc  |c BK  |e O.A.JOHNSON  |f 08/12/20 
952 |0 0  |1 0  |2 lcc  |4 0  |6 LB280615 B71  |7 0  |9 209  |a HOL  |b ED  |c LP  |d 2020-12-08  |l 0  |o LB2806.15 .B71  |p 2020-0151  |r 2020-12-08 00:00:00  |w 2020-12-08  |y BK 
952 |0 0  |1 0  |2 lcc  |4 0  |6 LB280615 B71  |7 0  |9 210  |a HOL  |b HOL  |c LP  |d 2020-12-08  |l 0  |o LB2806.15 .B71  |p 2020-0152  |r 2020-12-08 00:00:00  |w 2020-12-08  |y BK 
999 |c 79  |d 79